| 000 | 00383nam a22001337a 4500 | ||
|---|---|---|---|
| 082 | _aP-149 | ||
| 100 |
_aLt Bashir syn no 6 _948031 |
||
| 245 |
_aSoil Settlement & Consolidation Analysis of Risalpur Soil _cLt Bashir, Capt Ahsan |
||
| 260 |
_aRisalpur _bMCE _c19 April 2000 |
||
| 526 |
_a0 _b0 _c0 _dP_149 |
||
| 650 | _aProject | ||
| 700 |
_aXEN Noor Ul Amin _948032 |
||
| 942 |
_2ddc _cBK |
||
| 999 |
_c551078 _d551078 |
||